Latin: 3rd Conjugation Synopsis Quiz - Statistics

General Stats
  • This quiz has been taken 62 times
  • The average score is 65 of 131
Answer Stats
Answer % Correct
dūcō
100%
dūcimus
94%
dūcis
94%
dūcit
94%
dūcitis
89%
dūcunt
89%
dūcēbam
83%
dūcēbāmus
83%
dūcēbant
83%
dūcēbās
83%
dūcēbat
83%
dūcēbātis
83%
dūxērunt
78%
dūxī
78%
dūximus
78%
dūxistī
78%
dūxistis
78%
dūxit
78%
dūcam
72%
dūcēmus
72%
dūcent
72%
dūcēs
72%
dūcet
72%
dūcētis
72%
dūcor
72%
dūxeram
72%
dūxerāmus
72%
dūxerant
72%
dūxerās
72%
dūxerat
72%
dūxerātis
72%
dūcēbar
67%
dūceris
67%
dūcar
61%
dūcēbāminī
61%
dūcēbāmur
61%
dūcēbantur
61%
dūcēbāris
61%
dūcēbātur
61%
dūcēminī
61%
dūcēmur
61%
dūcentur
61%
dūcēris
61%
dūcētur
61%
dūciminī
61%
dūcimur
61%
dūcitur
61%
dūcuntur
61%
dūxerimus
61%
dūxerint
61%
dūxeris
61%
dūxerit
61%
dūxeritis
61%
dūxerō
61%
duc(e)
50%
dūcere
50%
dūcam
44%
dūcēns (gen. dūcentis)
44%
dūcturus -a, -um
44%
dūxisse
44%
dūcāminī
39%
dūcāmur
39%
dūcāmus
39%
dūcant
39%
dūcantur
39%
dūcar
39%
dūcāris
39%
dūcās
39%
dūcat
39%
dūcātis
39%
dūcātur
39%
dūcerem
39%
dūcerēminī
39%
dūcerēmur
39%
dūcerēmus
39%
dūcerent
39%
dūcerentur
39%
dūcerer
39%
dūcerēris
39%
dūcerēs
39%
dūceret
39%
dūcerētis
39%
dūcerētur
39%
dūcī
39%
dūctus -a, -um
39%
dūxerim
33%
dūxerīmus
33%
dūxerīnt
33%
dūxerīs
33%
dūxerit
33%
dūxerītis
33%
dūxissem
33%
dūxissēmus
33%
dūxissent
33%
dūxissēs
33%
dūxisset
33%
dūxissētis
33%
dūcite
28%
ductae erāmus
28%
ductae erant
28%
ductae erātis
28%
ductae erimus
28%
ductae eritis
28%
ductae erunt
28%
ductae essēmus
28%
ductae essent
28%
ductae essētis
28%
ductae estis
28%
ducta eram
28%
ducta erās
28%
ducta erat
28%
ducta eris
28%
ducta erit
28%
ducta erō
28%
ducta es
28%
ductae sīmus
28%
ductae sint
28%
ductae sītis
28%
ducta essem
28%
ducta essēs
28%
ducta esset
28%
ducta est
28%
ductae sumus
28%
ductae sunt
28%
ducta sim
28%
ducta sīs
28%
ducta sit
28%
ducta sum
28%
ductum esse
28%
ductūrum esse
28%
dūcendus -a, -um
22%
No matching quizzes found
Score Distribution
Percent of People with Each Score
Percentile by Number Answered
Your Score History
You have not taken this quiz